000 01054nam a2200229Ia 4500
003 Ost
005 20260507075410.0
008 260507s9999||||xx |||||||||||||| ||und||
040 _cfsecg
041 _aara
082 _a330
100 _aحرز الله، نائل
_eمؤلف
245 0 _aالوسائط المتعددة /
_c نائل حرز الله
260 _aالقاهرة:
_bالشركة العربية المتحدة للتسويق والتوريدات,
_c2008
300 _a367 صفحة؛
_bإيضاحات ؛
_c24 سم
504 _aالمراجع ص.365
520 _aبضم الوسائط المتعددة مفهومها واستخداماتها، الأصوات ومعالجتها، الصور ومعالجتها، ضغط البيانات، عرض الوسائط المتعددة، التطبيقات الحديثة للوسائط المتعددة
653 _aالوسائل السمعية والبصرية
653 _aوسائل الإعلام
700 _aالضامن، ديما
_eمؤلف ثانوي
942 _cكتاب
999 _c44380
_d44380